Plan de marketing y desarrollo para la Empresa La Mecatera S.A, en Managua
El presente trabajo de tesina está conformado por cinco capítulos en el primero se analiza la situación del mercado, producto, competencia, distribución y macro ambiente; el segundo contiene el análisis FODA, en el tercero se propone la misión y visón para el cumplimento de metas; en el cuart...
| Main Authors: | , , |
|---|---|
| Other Authors: | |
| Format: | Tesis Section = Libro |
| Language: | Undetermined Spanish |
| Published: |
Managua
UNI
2003
|
| Subjects: |
| LEADER | 01434nam a2200265Ia 4500 | ||
|---|---|---|---|
| 008 | 240830s9999 xx 000 0 und d | ||
| 040 | |a BIBLIOTECA-RUPAP Mon 658.401 R628 | ||
| 041 | |a spa | ||
| 082 | |a Mon 658.401 R628 | ||
| 100 | 1 | |a Robleto Flores, Hilda de los Ángeles | |
| 100 | 1 | |b González González, Damaris Elizabeth | |
| 100 | 1 | |c Hernández Rodríguez, Alexander Eduardo | |
| 245 | 1 | 0 | |a Plan de marketing y desarrollo para la Empresa La Mecatera S.A, en Managua |
| 260 | |a Managua |b UNI |c 2003 | ||
| 300 | |a 78 p. :il. | ||
| 500 | |a Contiene: glosario. de términos y anexos. | ||
| 502 | |a Tesis (Ingeniero de Sistemas)- UNI, 2003. | ||
| 520 | 3 | |a El presente trabajo de tesina está conformado por cinco capítulos en el primero se analiza la situación del mercado, producto, competencia, distribución y macro ambiente; el segundo contiene el análisis FODA, en el tercero se propone la misión y visón para el cumplimento de metas; en el cuarto se presenta una propuesta de mercadotecnia que se usará para cumplir con los objetivos del plan; y dentro del quinto capítulo se propone el plan de marketing y el resultado financiero del plan. | |
| 650 | 7 | |a MARKETING-PLAN ESTRATÉGICO | |
| 650 | 7 | |b COMPETENCIA-MERCADO | |
| 650 | 7 | |c ESTRATEGIAS- MARKETING - PROGRAMAS DE ACCIÓN - LA MECATERA S.A | |
| 700 | 1 | |a Tutor: |b Aguilera López, Roberto José | |
| 942 | |c BK |2 ddc | ||
| 991 | |a TESIS | ||
| 999 | |c 17198 | ||